|
|
|
|
| LEADER |
01502nam a2200325 a 4500 |
| 001 |
00440795 |
| 003 |
GR-PaULI |
| 008 |
081216s2004 gr b 001 0 eng d |
| 020 |
|
|
|a 1405101997
|
| 040 |
|
|
|a GrPaTEI
|b gre
|c GR-PaULI
|
| 082 |
|
0 |
|a 614.48
|2 22
|
| 245 |
0 |
0 |
|a Russell, Hugo [and] Ayliffe's principles and practice of disinfection, preservation and sterilization /
|c edited by Adam P. Fraise, Peter A. Lambert, Jean-Yves Maillard.
|
| 250 |
|
|
|a 4η εκδ.
|
| 260 |
|
|
|a Malden, Mass. :
|b Blackwell Publishing.,
|c c2004.
|
| 300 |
|
|
|a x, 678 σ. :
|b εικ. ;
|c 25 εκ.
|
| 500 |
|
|
|a Αναθ. έκδ. του "Principles and practice of disinfection, preservation, and sterilization", 1999
|
| 504 |
|
|
|a Περιλαμβάνει βιβλιγραφικές αναφορές και ευρετήριο
|
| 650 |
|
0 |
|a Disinfection and disinfectants
|
| 650 |
|
0 |
|a Preservation of materials
|
| 650 |
|
0 |
|a Sterilization
|
| 650 |
|
7 |
|a Απολύμανση και απολυμαντικά
|2 lcsh/gre
|
| 650 |
|
7 |
|a Αποστείρωση
|2 lcsh/gre
|
| 650 |
|
7 |
|a Συντήρηση υλικών
|2 lcsh/gre
|
| 700 |
1 |
|
|a Fraise, Adam P.
|
| 700 |
1 |
|
|a Lambert, Peter A.
|
| 700 |
1 |
|
|a Maillard, J.-Y.
|
| 942 |
|
|
|2 ddc
|
| 952 |
|
|
|0 0
|1 0
|2 ddc
|4 0
|6 614_480000000000000_RUS
|7 0
|9 250391
|a MSLG
|b MSLG
|c BSC
|d 2021-01-17
|e 24
|f 0
|g 0.00
|l 0
|o 614 48 RUS
|p 99242000028366
|r 2021-01-17 00:00:00
|t 1
|w 2021-01-17
|y BK15
|x Items transfered from Loc16 to Loc24
|x GrPaTEI
|
| 971 |
|
|
|a .b11756330
|b 24-09-20
|c 27-08-15
|
| 999 |
|
|
|c 148618
|d 148618
|